[Event "Nairobi Capablanca Cup 6th"]
[Site "Nairobi"]
[Date "2016.02.21"]
[Round "5"]
[White "George, Nderitu"]
[Black "Timothy, Omondi"]
[Result "1-0"]
[WhiteElo "1935"]
[BlackElo "1686"]
[PlyCount "57"]
[EventDate "2016.02.20"]
[EventType "swiss"]
[EventRounds "6"]
[EventCountry "KEN"]
[SourceTitle "CBM 171 Extra"]
[Source "ChessBase"]
[SourceDate "2016.04.26"]
[SourceVersion "1"]
[SourceVersionDate "2016.04.26"]
[SourceQuality "1"]

1. e4 c5 2. Nf3 d6 3. d4 cxd4 4. Nxd4 Nf6 5. Nc3 a6 6. Be2 e5 7. Nb3 Be6 8. Bg5 Nbd7 9. f4 exf4 10. Bxf4 Qc7 11. Nd4 Be7 12. Nxe6 fxe6 13. Bh5+ g6 14. Bg4 Nc5 15. Qe2 Nxg4 16. Qxg4 0-0 17. 0-0-0 b5 18. h4 b4 19. Ne2 Nxe4 20. Qxe6+ Kh8 21. Qxe4 Rac8 22. Bg5 Bxg5+ 23. hxg5 Rfe8 24. Qd3 Re3 25. Qd4+ Re5 26. Rd2 Qa5 27. Qxd6 Qxa2 28. Qxe5+ Kg8 29. Qd5+ 1-0

[Event "Nairobi Capablanca Cup 6th"]
[Site "Nairobi"]
[Date "2016.02.21"]
[Round "6"]
[White "Owen, Kevin"]
[Black "George, Nderitu"]
[Result "1-0"]
[WhiteElo "1705"]
[BlackElo "1935"]
[PlyCount "66"]
[EventDate "2016.02.20"]
[EventType "swiss"]
[EventRounds "6"]
[EventCountry "KEN"]
[SourceTitle "CBM 171 Extra"]
[Source "ChessBase"]
[SourceDate "2016.04.26"]
[SourceVersion "1"]
[SourceVersionDate "2016.04.26"]
[SourceQuality "1"]

1. e4 c5 2. Nf3 d6 3. d4 cxd4 4. Nxd4 Nf6 5. Nc3 e6 6. f3 a6 7. Bc4 Qc7 8. Bb3 Be7 9. Be3 Nbd7 10. Bxe6 fxe6 11. Nxe6 Qc4 12. Nxg7+ Kf7 13. Nf5 Qc6 14. Qd2 Ne5 15. Nd4 Qc7 16. 0-0-0 Nc4 17. Qe2 Nxe3 18. Qxe3 Bd7 19. g4 h6 20. h4 Rag8 21. Kb1 Qc5 22. g5 hxg5 23. hxg5 Rxh1 24. Rxh1 Qxg5 25. f4 Qg2 26. Re1 Rg3 27. Qc1 Qf2 28. Nde2 Re3 29. Rf1 Qg2 30. Rg1 Qf2 31. Rf1 Rxe2 32. Rxf2 Rxf2 33. e5 dxe5 1-0

[Event "Nairobi Capablanca Cup 6th"]
[Site "Nairobi"]
[Date "2016.02.21"]
[Round "4"]
[White "Timothy, Mwabu"]
[Black "George, Nderitu"]
[Result "1/2-1/2"]
[WhiteElo "1386"]
[BlackElo "1935"]
[PlyCount "54"]
[EventDate "2016.02.20"]
[EventType "swiss"]
[EventRounds "6"]
[EventCountry "KEN"]
[SourceTitle "CBM 171 Extra"]
[Source "ChessBase"]
[SourceDate "2016.04.26"]
[SourceVersion "1"]
[SourceVersionDate "2016.04.26"]
[SourceQuality "1"]

1. d4 d5 2. c4 e6 3. Nf3 c6 4. e3 Nf6 5. Nc3 Nbd7 6. Bd3 Bd6 7. 0-0 0-0 8. Re1 e5 9. cxd5 cxd5 10. dxe5 Nxe5 11. Be2 Be6 12. Nb5 Bb8 13. b3 a6 14. Nbd4 Ne4 15. Bb2 Qf6 16. Rf1 Qh6 17. h3 Qf6 18. Rc1 Nxf3+ 19. Bxf3 Qe5 20. Re1 Qh2+ 21. Kf1 Bd7 22. Qc2 Be5 23. a4 Rac8 24. Qd3 Nf6 25. Ba3 Rfe8 26. Nf5 Rxc1 27. Rxc1 Bxf5 1/2-1/2